LEADER 01515nam a22003735i 4500 001 991002249749707536 007 cr nn 008mamaa 008 121227s1999 dde | s |||| 0|eng d 020 $a9783540488132 035 $ab14144529-39ule_inst 040 $aBibl. Dip.le Aggr. Matematica e Fisica - Sez. Matematica$beng 082 04$a515.64$223 084 $aAMS 35-06 084 $aAMS 49-06 084 $aAMS 58-06 084 $aAMS 73-06 100 1 $aBethuel, Fabrice$042584 245 10$aCalculus of variations and geometric evolution problems$h[e-book] :$blectures given at the 2nd session of the Centro Internazionale Matematico Estivo (C.I.M.E.) held in Cetraro, Italy, june 15?22, 1996 /$cby Fabrice Bethuel ... [et al.] ; edited by Stefan Hildebrandt, Michael Struwe 260 $aBerlin :$bSpringer,$c1999 300 $a1 online resource (vii, 294 p.) 440 0$aLecture Notes in Mathematics,$x0075-8434 ;$v1713 650 0$aMathematics 650 0$aSystems theory 650 0$aGlobal differential geometry 650 0$aMathematical optimization 700 1 $aHildebrandt, Stefan 700 1 $aStruwe, Michael 773 0 $aSpringer eBooks 856 40$uhttp://dx.doi.org/10.1007/BFb0092667$zAn electronic book accessible through the World Wide Web 907 $a.b14144529$b03-03-22$c05-09-13 912 $a991002249749707536 996 $aCalculus of variations and geometric evolution problems$9262449 997 $aUNISALENTO 998 $ale013$b05-09-13$cm$d@ $e-$feng$gde $h0$i0 LEADER 02585nam 2200421zu 450 001 9911034564403321 005 20250718172214.0 035 $a(CKB)36720618900041 035 $a(MiAaPQ)EBC31860832 035 $a(IL-JeEL)9936720618900041 035 $a(oapen)doab43321 035 $a(EXLCZ)9936720618900041 100 $a20241203|2008uuuu || | 101 0 $azxx 135 $aur||||||||||| 181 $ctxt$2rdacontent 182 $cc$2rdamedia 183 $acr$2rdacarrier 200 10$aCivilta? comunale italiana nella storiografia internazionale /$fAndrea Zorzi 210 $cFirenze University Press$d2008 210 1$aFirenze:$cFirenze University Press,$d2008. 215 $a1 online resource 225 1 $aBiblioteca di storia;$v5. 311 08$a9788864531137 311 08$a8864531130 320 $aIncludes bibliographical references (pages) and index. 327 $tPremessa$tIl sistema giuridico medievale e la civilta? comunale$tLa civilta? comunale italiana nella storiografia tedesca$tLa civilta? comunale italiana nella storiografia francese$tStudi americani sulla cultura e sulla storia sociale e politica dell'Italia comunale (secc. XII-XIV)$tLa civilta? comunale del medioevo nella storiografia spagnola$tStorici britannici dei Free Burghs italiani$tIndice dei nomi e dei luoghi 330 $aIl volume - che raccoglie gli atti del primo convegno internazionale organizzato dal Centro di Studi sulla civilta? comunale dell'Universita? di Firenze - offre un ricco bilancio del contributo che la storiografia internazionale ha apportato alla storia dell'Italia comunale. Uno dei periodi tra i piu? rilevanti del passato del nostro paese e? qui affrontato da alcuni tra i maggiori specialisti a livello internazionale attraverso la ricostruzione dei percorsi, delle tematiche e dei risultati conseguiti dalle principali storiografie straniere (tedesca, francese, americana, spagnola e inglese). Ne emerge un quadro assai articolato di come l'esperienza della civilta? comunale sia stata trattata e valutata nel tempo fuori dall'Italia. Il volume si propone pertanto come un aggiornato strumento di riflessione storiografica e di utile confronto per gli studi dedicati al mondo urbano europeo. 606 $aHistoriography 606 $aCivilization$zItaly 607 $aItaly$xHistory 615 0$aHistoriography. 615 0$aCivilization 700 $aZorzi$b Andrea$0253836 906 $aBOOK 912 $a9911034564403321 996 $aCiviltà comunale italiana nella storiografia internazionale$91802220 997 $aUNINA